000 00662nam a2200145 a 4500
008 120416s1971 xx |||||||||||||| || u
050 _aTS 158 Cri
245 0 0 _aCritical path analysis in practice: collected papers on project control
_cedited by Gail Thornley
260 _c1971
350 _a0.00
650 _aPRODUCTION
650 _aOPERATIONS MANAGEMENT
995 _D0.00
_FCBU-MAIN LIBRARY (Kitwe)
_H2
_I1.10
_UAVAILABLE
_ZMain Library Open Access Collection
995 _D0.00
_FCBU-MAIN LIBRARY (Kitwe)
_H1
_I1.10
_UDAMAGED
_ZMain Library Open Access Collection
999 _c62624
_d62624